Emoji Rebus Puzzles #1 - Statistics

General Stats
  • This quiz has been taken 134 times
    131 since last reset
  • The average score is 5 of 16
Answer Stats
Emoji + Emoji + Emoji = Solution % Correct
๐ŸŽ‰ + ๐Ÿ’ฉ + er = Party pooper
90%
๐Ÿ’– + of + ๐Ÿฅ‡ = Heart of gold
87%
๐Ÿน + 4๏ธโƒฃ the + โญโญโญ = Aim for the stars
61%
โฎ + ๐Ÿ”ฅ + d = Backfired
54%
๐ŸŽก + of + ๐Ÿง€ = Wheel of cheese
53%
๐Ÿ’ง + ๐Ÿˆ + ๐Ÿ‘€d = Watermelon seed
25%
โœ + ๐Ÿ‘ฉ + ๐ŸŒฒ = Christmas Tree
21%
๐ŸŒž + ec + ๐Ÿ’‹ = Solar eclipse
14%
๐Ÿ’ฅ + er + ๐ŸŒฑ = Power plant
12%
๐Ÿฅฉ + your + ๐Ÿšฌ Meet your match
10%
๐Ÿงฌ + ๐Ÿ‘ + ๐Ÿ‹๐Ÿ‹ = Life gives you lemons
9%
๐Ÿค” + 2๏ธโƒฃ + ๐Ÿ๐Ÿ = Hard to believe
7%
๐ŸŒถ + ๐Ÿ‘น + ๐Ÿ• = Pepperoni pizza
7%
๐Ÿ + ๐Ÿฅ + ๐Ÿท = Be careful
0%
๐Ÿค›โœŠ๐Ÿ‘Š + ๐Ÿž + ๐Ÿ”’ = Combination lock
0%
๐Ÿ‘Ÿ๐Ÿ‘Ÿ + a + ๐Ÿ“ƒ๐Ÿ“ƒ = Paradox
0%
No matching quizzes found
Score Distribution
Percent of People with Each Score
Percentile by Number Answered
Your Score History
You have not taken this quiz since the last reset